Brazylijczycy w Atletico Madryt - nagła śmierć - Statystyki

Ogólne statystyki
  • Ten quiz został rozwiązany 35 razy
  • Średni wynik to 6 z 12
Answers on the Grid
Answers color-coded by a green-red scale on the quiz's grid according to % correct below.
Alex Sandro
Paulo Assuncao
Baltazar
Matheus Cunha
Dirceu
Felipe
Filipe Luis
Garrincha
Gilberto Silva
Jairzinho
Juninho Paulista
Leivinha
Renan Lodi
David Luiz
Marcelo
Miranda
Nelinho
Luis Pereira
Richarlison
Romario
Ronaldinho
Thiago Silva
Vava
Zico
 
Statystyki odpowiedzi
Odpowiedź % Poprawnych
Filipe Luis
90%
Renan Lodi
80%
Miranda
77%
Felipe
73%
Matheus Cunha
60%
Paulo Assuncao
37%
Juninho Paulista
30%
Dirceu
27%
Luis Pereira
27%
Vava
23%
Baltazar
20%
Leivinha
20%
Nie znaleziono quizów pasujących do podanych kryteriów
Rozkład punktacji
Procent ludzi z każdym wynikiem
Percentyl według liczby udzielonych odpowiedzi
Twoja historia wyników
Nie rozwiązałeś tego quizu